| 000 | 00438nam a2200181Ia 4500 | ||
|---|---|---|---|
| 008 | 180207s9999 xx 000 0 und d | ||
| 020 | _a9781741241812 | ||
| 050 | _bM441 2002 | ||
| 100 | _aMatthews, Rupert | ||
| 245 | 4 | _aThe jurassic dinosaurs / | |
| 245 | _cRupert Matthews. | ||
| 260 | _aAustralia : | ||
| 260 | _bSummit Press, | ||
| 260 | _c2002 | ||
| 300 | _a36 pages : | ||
| 300 | _bcolor illustration ; | ||
| 300 | _c30cm. | ||
| 999 |
_c355405 _d355405 |
||